LEADER 00849nam0-22002771i-450 001 990004557930403321 005 20231106170238.0 035 $a000455793 035 $aFED01000455793 035 $a(Aleph)000455793FED01 100 $a19990530f---0---9km-y0itay50------ba 101 0 $aita 102 $aIT 105 $ay-------001yy 200 1 $a"Regnum" ed "Imperium" in Italia$fRoberto Cessi 210 $aBologna$cZanichelli 215 $av.$d22 cm 300 $aContributo alla storia della costituzione politica d'Italia dalla caduta alla ricostituzione dell'Impero Romano d'Occidente 700 1$aCessi,$bRoberto$0136229 801 0$aIT$bUNINA$gRICA$2UNIMARC 901 $aBK 912 $a990004557930403321 952 $a7/V A 19$bbibl.19261$fFLFBC 959 $aFLFBC 996 $a"Regnum" ed "Imperium" in Italia$9547576 997 $aUNINA LEADER 01917nas 2200577- 450 001 9910869896903321 005 20230712231632.0 011 $a1479-1048 035 $a(DE-599)ZDB2039746-X 035 $a(OCoLC)49883950 035 $a(CKB)110978984448951 035 $a(CONSER)--2017208411 035 $a(EXLCZ)99110978984448951 100 $a20020529a19989999 s-- a 101 0 $aeng 135 $aurmnu|||||||| 181 $ctxt$2rdacontent 182 $cc$2rdamedia 183 $acr$2rdacarrier 200 10$aJournal of corporate real estate 210 1$a[London] :$cHenry Stewart Publications,$d1998- 210 31$a{Bingley] :$cEmerald Group Publishing 311 $a1463-001X 606 $aReal estate business$vPeriodicals 606 $aCorporations$xReal estate investments$vPeriodicals 606 $aImmobilier$vPériodiques 606 $aSociétés$xInvestissements immobiliers$vPériodiques 606 $aPublications périodiques$2eclas 606 $aPropriété immobilière$2eclas 606 $aBiens immeubles$2eclas 606 $aGestion$2eclas 606 $aReal estate business$2fast$3(OCoLC)fst01090898 606 $aCorporations$xReal estate investments$2fast$3(OCoLC)fst00879917 608 $aPeriodicals.$2fast 615 0$aReal estate business 615 0$aCorporations$xReal estate investments 615 6$aImmobilier 615 6$aSociétés$xInvestissements immobiliers 615 7$aPublications périodiques. 615 7$aPropriété immobilière. 615 7$aBiens immeubles. 615 7$aGestion. 615 7$aReal estate business. 615 7$aCorporations$xReal estate investments. 676 $a332.6324 712 02$aEmerald Group Publishing, 712 02$aInstitute for Corporate Real Estate, 906 $aJOURNAL 912 $a9910869896903321 996 $aJournal of corporate real estate$91759071 997 $aUNINA